<?xml version="1.0" encoding="UTF-8"?><?xml-stylesheet type="text/xsl" href="static/style.xsl"?><OAI-PMH xmlns="http://www.openarchives.org/OAI/2.0/" xmlns:xsi="http://www.w3.org/2001/XMLSchema-instance" xsi:schemaLocation="http://www.openarchives.org/OAI/2.0/ http://www.openarchives.org/OAI/2.0/OAI-PMH.xsd"><responseDate>2026-04-17T03:27:50Z</responseDate><request verb="GetRecord" identifier="oai:www.recercat.cat:10256/15194" metadataPrefix="marc">https://recercat.cat/oai/request</request><GetRecord><record><header><identifier>oai:recercat.cat:10256/15194</identifier><datestamp>2024-06-14T09:49:10Z</datestamp><setSpec>com_2072_452955</setSpec><setSpec>com_2072_2054</setSpec><setSpec>col_2072_453065</setSpec></header><metadata><record xmlns="http://www.loc.gov/MARC21/slim" xmlns:dcterms="http://purl.org/dc/terms/" xmlns:xsi="http://www.w3.org/2001/XMLSchema-instance" xmlns:doc="http://www.lyncode.com/xoai" xsi:schemaLocation="http://www.loc.gov/MARC21/slim http://www.loc.gov/standards/marcxml/schema/MARC21slim.xsd">
   <leader>00925njm 22002777a 4500</leader>
   <datafield ind2=" " ind1=" " tag="042">
      <subfield code="a">dc</subfield>
   </datafield>
   <datafield ind2=" " ind1=" " tag="720">
      <subfield code="a">Font Mareñà, Immaculada</subfield>
      <subfield code="e">author</subfield>
   </datafield>
   <datafield ind2=" " ind1=" " tag="260">
      <subfield code="c">2015</subfield>
   </datafield>
   <datafield ind2=" " ind1=" " tag="520">
      <subfield code="a">Throughout her work Dialogue of Two Maidens on the Courtly Lifestyle and the Secluded Lifestyle&#xd;
(1552), the philosopher Luisa Sigea de Velasco (1522-1560) develops a series of apparently&#xd;
“feminist” reflections. However, a thorough and reflective reading of this work and of her&#xd;
arguments have led us to conclude that although she does in some ways advocate on behalf of&#xd;
women, Sigea does not actually argue in favour of equality nor of female emancipation, because&#xd;
that is not her aim</subfield>
   </datafield>
   <datafield ind2=" " ind1=" " tag="520">
      <subfield code="a">A lo largo de la obra Coloquio de dos doncellas sobre la vida áulica y la retirada (1552), la filósofa&#xd;
Luisa Sigea de Velasco (1522-1560) desarrolla una serie de reflexiones de carácter aparentemente&#xd;
“feminista”. Al mismo tiempo, un estudio atento y reflexivo de esta obra y de sus&#xd;
argumentos conducen a la conclusión de que aunque Sigea en cierto modo aboga en favor de&#xd;
las mujeres, en realidad no argumenta en favor de la igualdad ni tampoco de la emancipación&#xd;
femenina, porque ello no es el objetivo de su obra</subfield>
   </datafield>
   <datafield ind2=" " ind1=" " tag="520">
      <subfield code="a">Al llarg de l’obra Diàleg de dues donzelles sobre la vida àulica i la vida retirada (1552), la filòsofa&#xd;
Luisa Sigea de Velasco (1522-1560) desenvolupa una sèrie de reflexions de caràcter aparentment&#xd;
“feminista”. Tanmateix, un estudi atent i reflexiu d’aquesta obra i d’aquests arguments&#xd;
ens han portat a la conclusió que, tot i que Sigea en certa manera advoca a favor de les dones, en&#xd;
realitat, aquesta pensadora no argumenta a favor de la igualtat ni tampoc de l’emancipació&#xd;
femenina perquè aquest no és l’objectiu de la seva obra</subfield>
   </datafield>
   <datafield ind1="8" ind2=" " tag="024">
      <subfield code="a">http://hdl.handle.net/10256/15194</subfield>
   </datafield>
   <datafield tag="653" ind2=" " ind1=" ">
      <subfield code="a">Sigea, Luisa, 1522-1560</subfield>
   </datafield>
   <datafield tag="653" ind2=" " ind1=" ">
      <subfield code="a">Dones i filosofia</subfield>
   </datafield>
   <datafield tag="653" ind2=" " ind1=" ">
      <subfield code="a">Women and philosophy</subfield>
   </datafield>
   <datafield ind2="0" ind1="0" tag="245">
      <subfield code="a">Luisa Sigea de Velasco, una filòsofa aparentment "feminista"</subfield>
   </datafield>
</record></metadata></record></GetRecord></OAI-PMH>